Neelkontha pakhir khuje : (Record no. 6446)

MARC details
000 -LEADER
fixed length control field 00489cam a2200193ua 4500
008 - FIXED-LENGTH DATA ELEMENTS--GENERAL INFORMATION
fixed length control field 141223n ii |||gr||||Z||||||ben
020 ## - INTERNATIONAL STANDARD BOOK NUMBER
International Standard Book Number 8184370121
040 ## - CATALOGING SOURCE
Transcribing agency MAIN
041 ## - LANGUAGE CODE
-- ben
082 ## - DEWEY DECIMAL CLASSIFICATION NUMBER
Classification number 891.443
100 ## - MAIN ENTRY--PERSONAL NAME
Personal name Bandhyopadhyay, A.,
Relator term
245 ## - TITLE STATEMENT
Title Neelkontha pakhir khuje :
Remainder of title Akhanda sanskaran /
Statement of responsibility, etc. By Atin Bandhyopadhyay .
250 ## - EDITION STATEMENT
Edition statement 8th rev.
260 ## - PUBLICATION, DISTRIBUTION, ETC.
Place of publication, distribution, etc. Calcutta:
Name of publisher, distributor, etc. Karuna,
Date of publication, distribution, etc. 2006.
300 ## - PHYSICAL DESCRIPTION
Extent 411p.
942 ## - ADDED ENTRY ELEMENTS (KOHA)
Koha item type Books
653 ## - INDEX TERM--UNCONTROLLED
Uncontrolled term Bengali novels
Holdings
Withdrawn status Lost status Damaged status Not for loan Home library Current library Shelving location Date acquired Total Checkouts Full call number Barcode Date last seen Copy number Price effective from Koha item type Date last checked out
        Naharkatiya College Library Naharkatiya College Library General Stacks 19/09/2020   891.443 | BAN 18738 19/09/2020 4 19/09/2020 Books  
        Naharkatiya College Library Naharkatiya College Library General Stacks 19/09/2020 1 891.443 | BAN 18739 07/01/2026 1 19/09/2020 Books 17/12/2025
        Naharkatiya College Library Naharkatiya College Library General Stacks 19/09/2020   891.443 | BAN 18740 19/09/2020 2 19/09/2020 Books  
        Naharkatiya College Library Naharkatiya College Library General Stacks 19/09/2020 1 891.443 | BAN 18741 08/11/2021 3 19/09/2020 Books 29/10/2021

Naharkatiya College © 2020. All rights reserved.

Powered By